|
|
|
|
| LEADER |
01311nam a22003252a 4500 |
| 001 |
001614460 |
| 003 |
CZ BrMZK |
| 005 |
20180502140121.0 |
| 007 |
ta |
| 008 |
180130s1967 xr er|||||||||||cze d |
| 040 |
|
|
|a HKA001
|b cze
|d BOA001
|
| 043 |
|
|
|a e-cs---
|
| 072 |
|
7 |
|a 35
|x Veřejná správa
|2 Konspekt
|9 15
|
| 080 |
|
|
|a 351.778.5
|2 MRF
|
| 080 |
|
|
|a (437)
|2 MRF
|
| 080 |
|
|
|a (036)
|2 MRF
|
| 080 |
|
|
|a (083.41)
|2 MRF
|
| 110 |
2 |
|
|a Státní statistický úřad (Praha, Česko)
|4 aut
|
| 245 |
1 |
0 |
|a Směrnice a pokyny SSÚ :
|b základní směrnice k státním statistickým výkazům pro vykazující jednotky platná od roku 1968.
|n Díl 17,
|p Sestavování a předkládání státních statistických výkazů za úsek - bytové hospodářství
|
| 246 |
3 |
0 |
|a Sestavování a předkládání státních statistických výkazů za úsek - bytové hospodářství
|
| 246 |
3 |
3 |
|a Bytové hospodářství
|
| 260 |
|
|
|a Praha :
|b SSÚ,
|c 1967
|
| 300 |
|
|
|a 6 s. ;
|c 8°
|
| 650 |
0 |
7 |
|a bytové hospodářství
|7 ph114217
|z Československo
|2 czenas
|
| 655 |
|
7 |
|a informační publikace
|7 fd132454
|2 czenas
|
| 655 |
|
7 |
|a statistiky
|7 fd133589
|2 czenas
|
| 910 |
|
|
|a BOA001
|b X-0595.448,17
|
| 990 |
|
|
|a BK
|
| 991 |
|
|
|b 201801
|
| 996 |
6 |
|
|b 2618912615
|c X-0595.448,17
|l MZK
|r Sklad / do 24 hodin
|n 0
|w 001649786
|u 000010
|a 1
|e BOA001
|j MZK50
|s P
|